[Event "Oberliga Ost B 2017 2018"]
[Site "Germany"]
[Date "2017.10.22"]
[Round "1.6"]
[White "Rosenberger, Frank"]
[Black "Nehmert, Ulrich"]
[Result "1-0"]
[WhiteElo "2110"]
[BlackElo "2276"]
[PlyCount "117"]
[EventDate "2017.10.22"]
[EventType "team-tourn"]
[EventCountry "GER"]
[WhiteTeam "Gernsheim SK"]
[BlackTeam "Wiesbadener SV"]
[WhiteTeamCountry "GER"]
[BlackTeamCountry "GER"]

1. e4 e6 2. d4 d5 3. Nc3 Nf6 4. e5 Nfd7 5. f4 c5 6. Nf3 Nc6 7. Be3 a6 8. Qd2 b5
9. Be2 Be7 10. O-O O-O 11. dxc5 Nxc5 12. Nd4 Nxd4 13. Bxd4 b4 14. Nd1 Ne4 15.
Qe3 f5 16. exf6 Bxf6 17. Nf2 Bxd4 18. Qxd4 Rxf4 19. Nxe4 Rxe4 20. Qf2 Qe7 21.
Bd3 Rh4 22. Rae1 Rh6 23. Qg3 Ra7 24. h3 Qc5+ 25. Kh1 Rf7 26. Rxf7 Kxf7 27. Rf1+
Rf6 28. Rxf6+ gxf6 29. Bxh7 f5 30. Qg5 Ke8 31. Bg6+ Kd7 32. Qd2 Qc4 33. Bh5 a5
34. Be2 Qh4 35. Bb5+ Ke7 36. Qe3 d4 37. Qe5 Kf8 38. Qc5+ Kg7 39. Qc7+ Kh6 40.
Qxc8 Qe1+ 41. Kh2 Qe5+ 42. Kg1 Qxb5 43. Qxe6+ Kg7 44. Qe7+ Kg8 45. Qd8+ Kf7 46.
Qxd4 a4 47. b3 axb3 48. axb3 Qa5 49. Kf2 Kg6 50. g4 fxg4 51. hxg4 Qc7 52. Qe4+
Kg7 53. Ke2 Qd6 54. Qf5 Qa6+ 55. Ke3 Qd6 56. g5 Qg3+ 57. Ke2 Qg2+ 58. Kd3 Qf1+
59. Qxf1 1-0

[Event "Oberliga Ost B 2017 2018"]
[Site "Germany"]
[Date "2017.10.22"]
[Round "1.7"]
[White "Kayser, Felix"]
[Black "Neumann, Martin"]
[Result "1-0"]
[WhiteElo "2149"]
[BlackElo "2049"]
[PlyCount "159"]
[EventDate "2017.10.22"]
[EventType "team-tourn"]
[EventCountry "GER"]
[WhiteTeam "Wiesbadener SV"]
[BlackTeam "Gernsheim SK"]
[WhiteTeamCountry "GER"]
[BlackTeamCountry "GER"]

1. e4 e5 2. Nf3 Nc6 3. d4 exd4 4. Bc4 Be7 5. O-O Nf6 6. e5 Ne4 7. Re1 d5 8. Bb5
O-O 9. Bxc6 bxc6 10. Nxd4 Bd7 11. f3 Ng5 12. f4 Ne4 13. Be3 c5 14. Nf3 c6 15.
Nbd2 f5 16. exf6 Nxf6 17. Ne5 Bd6 18. Ndf3 Bg4 19. c3 Qc7 20. Nxg4 Nxg4 21. g3
Rae8 22. Qd2 Re7 23. Bf2 Rfe8 24. Rxe7 Rxe7 25. Re1 Nf6 26. Ng5 Qd7 27. Kg2 h6
28. Nf3 Ne4 29. Qc1 Qf5 30. Bg1 g5 31. fxg5 hxg5 32. Rf1 Rh7 33. Bf2 Bxg3 34.
Bxg3 Qh3+ 35. Kg1 Nxg3 36. Qxg5+ Rg7 37. Qd8+ Kh7 38. Ng5+ Rxg5 39. Rf7+ Rg7
40. Rxg7+ Kxg7 41. Qc7+ Kf6 42. hxg3 Qf5 43. Qxc6+ Kg5 44. Qxc5 Qb1+ 45. Kg2
Qe4+ 46. Kf2 Qc2+ 47. Ke3 Qxb2 48. Qxd5+ Kg4 49. Qf3+ Kg5 50. Qf4+ Kg6 51. Qe4+
Kg5 52. Qe5+ Kg6 53. Qa5 Qb1 54. Qa6+ Kg5 55. Qc4 Qd1 56. Qd3 Qg1+ 57. Kd2 Qg2+
58. Kc1 Qg1+ 59. Kc2 Qc5 60. a4 Qc7 61. Kb3 Kh6 62. Qe3+ Kh7 63. Qe4+ Kh8 64.
Qh4+ Kg7 65. Qg5+ Kh7 66. a5 Qb7+ 67. Ka4 Qd7+ 68. Kb4 Qd6+ 69. Kc4 Qc7+ 70.
Qc5 Qf7+ 71. Kb4 Qb7+ 72. Ka3 Kg6 73. g4 Kf6 74. Qf5+ Kg7 75. Qe5+ Kg6 76. Qe6+
Kg5 77. c4 Qf3+ 78. Kb4 Qb7+ 79. Ka4 a6 80. Qd5+ 1-0

[Event "Oberliga Ost B 2017 2018"]
[Site "Germany"]
[Date "2017.10.22"]
[Round "1.1"]
[White "Nayhebaver, Martin"]
[Black "Strache, Michael"]
[Result "1-0"]
[WhiteElo "2451"]
[BlackElo "2287"]
[PlyCount "133"]
[EventDate "2017.10.22"]
[EventType "team-tourn"]
[EventCountry "GER"]
[WhiteTeam "Kasseler SK"]
[BlackTeam "Sangerhausen SV"]
[WhiteTeamCountry "GER"]
[BlackTeamCountry "GER"]

1. e4 e5 2. Nf3 Nc6 3. Bb5 Nf6 4. d3 Bc5 5. c3 d5 6. Qe2 O-O 7. O-O Re8 8. Bg5
a6 9. Ba4 h6 10. Bxf6 gxf6 11. Nbd2 Bb6 12. exd5 Qxd5 13. Nh4 f5 14. Qh5 Qe6
15. Nc4 Qf6 16. Nxb6 cxb6 17. f4 exf4 18. Bxc6 bxc6 19. Rxf4 Re5 20. d4 Re4 21.
Raf1 Qg5 22. Qf3 Be6 23. Nxf5 Rxf4 24. Qxf4 Qxf4 25. Rxf4 Bxa2 26. Nxh6+ Kf8
27. Kf2 b5 28. g4 b4 29. cxb4 Rb8 30. Ke3 Rxb4 31. Rf2 Rb3+ 32. Ke4 Bb1+ 33.
Ke5 Re3+ 34. Kf6 Ba2 35. Nf5 Re6+ 36. Kg5 Rg6+ 37. Kf4 Be6 38. h4 Bxf5 39. Kxf5
Rd6 40. Ke4 Re6+ 41. Kd3 Re1 42. Rf6 Rd1+ 43. Ke3 Rc1 44. g5 Ke7 45. b4 Rc3+
46. Ke4 Rh3 47. Rh6 Rh1 48. Rxc6 Rxh4+ 49. Kd3 Rg4 50. Rc5 Rg1 51. Ra5 Rd1+ 52.
Kc4 Rc1+ 53. Kd5 Rb1 54. Rxa6 Rxb4 55. Ra7+ Ke8 56. Kc5 Rb1 57. d5 Rb8 58. d6
Rb1 59. Re7+ Kf8 60. Re5 Rd1 61. Kc6 Rd2 62. d7 Rc2+ 63. Rc5 Rxc5+ 64. Kxc5 Ke7
65. Kc6 Kd8 66. Kd6 f5 67. g6 1-0

[Event "Oberliga Ost B 2017 2018"]
[Site "Germany"]
[Date "2017.10.22"]
[Round "1.2"]
[White "Engelmann, Jakob"]
[Black "Matviishen, Viktor"]
[Result "1/2-1/2"]
[WhiteElo "2259"]
[BlackElo "2433"]
[PlyCount "141"]
[EventDate "2017.10.22"]
[EventType "team-tourn"]
[EventCountry "GER"]
[WhiteTeam "Sangerhausen SV"]
[BlackTeam "Kasseler SK"]
[WhiteTeamCountry "GER"]
[BlackTeamCountry "GER"]

1. c4 Nf6 2. g3 c5 3. Bg2 g6 4. Nf3 Bg7 5. Nc3 Nc6 6. d4 cxd4 7. Nxd4 O-O 8. e3
Ne5 9. b3 d6 10. O-O Bg4 11. Qd2 Qd7 12. Re1 Bh3 13. Bh1 h5 14. Bb2 h4 15. Nf3
hxg3 16. hxg3 Qf5 17. Nxe5 dxe5 18. Nd5 Nxd5 19. e4 Qh5 20. exd5 Kh7 21. Re4
Bg4 22. f3 Qxh1+ 23. Kxh1 Bxf3+ 24. Kg1 Bxe4 25. Qg5 f5 26. Qxe7 Rae8 27. Qh4+
Kg8 28. Re1 Bf3 29. Kf2 Bg4 30. Ba3 Rf7 31. d6 Bh5 32. c5 e4 33. Bc1 Bf6 34.
Bg5 Bd4+ 35. Be3 Bf6 36. Bg5 Bd4+ 37. Kf1 Bxc5 38. Be7 Rexe7 39. dxe7 Bxe7 40.
Qf4 Bf6 41. Rc1 g5 42. Qb8+ Kg7 43. Rc7 e3 44. Rxf7+ Kxf7 45. Qxb7+ Kg6 46. Qc6
e2+ 47. Kf2 Bg4 48. b4 Kf7 49. Qd7+ Kf8 50. Qd6+ Kg7 51. Qd7+ Kf8 52. a4 Be5
53. Qd2 f4 54. gxf4 gxf4 55. b5 Kg7 56. a5 Bf6 57. Qxf4 Bh4+ 58. Kg2 e1=Q 59.
Qxg4+ Kf7 60. Qd7+ Be7 61. Qxa7 Qe4+ 62. Kf1 Qd3+ 63. Kg2 Qxb5 64. a6 Qc6+ 65.
Kf1 Qb5+ 66. Kg2 Qd5+ 67. Kf1 Qd3+ 68. Kg2 Qe4+ 69. Kf1 Qf3+ 70. Qf2 Qxf2+ 71.
Kxf2 1/2-1/2

[Event "Oberliga Ost B 2017 2018"]
[Site "Germany"]
[Date "2017.10.22"]
[Round "1.3"]
[White "Frolov, Artur"]
[Black "Richter, Dustin"]
[Result "1/2-1/2"]
[WhiteElo "2403"]
[BlackElo "2176"]
[PlyCount "105"]
[EventDate "2017.10.22"]
[EventType "team-tourn"]
[EventCountry "GER"]
[WhiteTeam "Kasseler SK"]
[BlackTeam "Sangerhausen SV"]
[WhiteTeamCountry "GER"]
[BlackTeamCountry "GER"]

1. e4 c5 2. Nf3 e6 3. d4 cxd4 4. Nxd4 Nc6 5. Nc3 Qc7 6. Be3 Nf6 7. f3 a6 8. Qd2
b5 9. Nxc6 dxc6 10. O-O-O Be7 11. g4 e5 12. g5 Nh5 13. Qf2 Rb8 14. h4 O-O 15.
Bh3 Bxh3 16. Rxh3 a5 17. Qg1 Rfd8 18. Rxd8+ Qxd8 19. Rh2 g6 20. Rd2 Qe8 21. Nd1
a4 22. Nf2 a3 23. b3 Bb4 24. Rd1 Bc3 25. Ng4 c5 26. Bxc5 Rc8 27. Rd6 b4 28. Qd1
Kg7 29. Nf6 Qb5 30. Nxh5+ gxh5 31. Be3 Qb8 32. Rd5 Rc6 33. Bc5 Rxc5 34. Rxc5
Bd4 35. Rd5 Qc8 36. Rxd4 exd4 37. Qxd4+ Kg8 38. Qxb4 Qh3 39. Qe1 Qxf3 40. b4
Qf4+ 41. Kd1 Qe5 42. c3 Qh2 43. Qe2 Qxh4 44. b5 Qxg5 45. Kc2 Qg1 46. Qxh5 Qf2+
47. Kb3 Qb2+ 48. Ka4 Qxa2 49. Qg5+ Kf8 50. Qd8+ Kg7 51. Qg5+ Kf8 52. Qd8+ Kg7
53. Qg5+ 1/2-1/2

[Event "Oberliga Ost B 2017 2018"]
[Site "Germany"]
[Date "2017.10.22"]
[Round "1.4"]
[White "Hillmann, Michael"]
[Black "Grafl, Florian"]
[Result "0-1"]
[WhiteElo "2159"]
[BlackElo "2364"]
[PlyCount "84"]
[EventDate "2017.10.22"]
[EventType "team-tourn"]
[EventCountry "GER"]
[WhiteTeam "Sangerhausen SV"]
[BlackTeam "Kasseler SK"]
[WhiteTeamCountry "GER"]
[BlackTeamCountry "GER"]

1. d4 Nc6 2. Nf3 d5 3. g3 Bg4 4. Bg2 Nf6 5. c3 e6 6. O-O Bd6 7. Bf4 Bxf4 8.
gxf4 Bxf3 9. Bxf3 Qd6 10. e3 h6 11. Nd2 g5 12. Kh1 O-O-O 13. Rg1 gxf4 14. e4
dxe4 15. Nxe4 Nxe4 16. Bxe4 f5 17. Bg2 e5 18. Qh5 exd4 19. Qxf5+ Kb8 20. cxd4
Rhf8 21. Qe4 Qxd4 22. Qf3 Qb6 23. Rad1 Nd4 24. Qe4 a5 25. Rd3 Ka7 26. Rgd1 c5
27. Ra3 f3 28. Bxf3 Nxf3 29. Rxd8 Qxd8 30. Rxf3 Re8 31. Qf5 Qd4 32. Kg2 Re5 33.
Qc2 Qd5 34. Qd3 Rg5+ 35. Kf1 Qxa2 36. Qc3 Qb1+ 37. Ke2 Qe4+ 38. Re3 Qg4+ 39.
Ke1 Qa4 40. Ke2 Rd5 41. Rd3 Qb5 42. b3 Rxd3 0-1

[Event "Oberliga Ost B 2017 2018"]
[Site "Germany"]
[Date "2017.10.22"]
[Round "1.5"]
[White "Hahn, Markus"]
[Black "Hellwig, Tobias"]
[Result "1-0"]
[WhiteElo "2281"]
[BlackElo "2197"]
[PlyCount "79"]
[EventDate "2017.10.22"]
[EventType "team-tourn"]
[EventCountry "GER"]
[WhiteTeam "Kasseler SK"]
[BlackTeam "Sangerhausen SV"]
[WhiteTeamCountry "GER"]
[BlackTeamCountry "GER"]

1. c4 Nf6 2. Nc3 c6 3. d4 d5 4. e3 g6 5. Nf3 Bg7 6. Be2 O-O 7. O-O Qd6 8. b3
Nbd7 9. cxd5 Nxd5 10. Nxd5 cxd5 11. a4 Re8 12. Ba3 Qb8 13. Rc1 a6 14. Qd2 b6
15. Rc2 Bb7 16. Rfc1 e6 17. a5 Rc8 18. axb6 Rxc2 19. Qxc2 Nxb6 20. Qc7 Qxc7 21.
Rxc7 Bc8 22. Ne5 Bxe5 23. dxe5 Bd7 24. Bc5 Bb5 25. Bxb5 axb5 26. f4 Rb8 27. Kf2
Kg7 28. Ke2 h6 29. Kd3 g5 30. f5 Na8 31. Ra7 Rc8 32. Bd6 Kg8 33. f6 h5 34. Rb7
g4 35. g3 Rd8 36. e4 dxe4+ 37. Kxe4 Rc8 38. Kf4 Rc2 39. Kg5 Rxh2 40. Kh6 1-0

[Event "Oberliga Ost B 2017 2018"]
[Site "Germany"]
[Date "2017.10.22"]
[Round "1.6"]
[White "Heyder, Florian"]
[Black "Dovzik, Juri"]
[Result "1/2-1/2"]
[WhiteElo "2174"]
[BlackElo "2304"]
[PlyCount "43"]
[EventDate "2017.10.22"]
[EventType "team-tourn"]
[EventCountry "GER"]
[WhiteTeam "Sangerhausen SV"]
[BlackTeam "Kasseler SK"]
[WhiteTeamCountry "GER"]
[BlackTeamCountry "GER"]

1. d4 d5 2. Bf4 Nf6 3. Nc3 e6 4. Nb5 Na6 5. a3 c6 6. Nc3 Bd6 7. e3 Bxf4 8. exf4
Nc7 9. Nf3 Qd6 10. Ne5 b6 11. Be2 O-O 12. O-O c5 13. Re1 Bb7 14. Bf3 Rab8 15.
Qd2 Rfd8 16. Rad1 Qf8 17. Ne2 Ne4 18. Bxe4 dxe4 19. Qc3 Nd5 20. Qg3 f6 21. Ng4
Kh8 22. Nc3 1/2-1/2

[Event "Oberliga Ost B 2017 2018"]
[Site "Germany"]
[Date "2017.10.22"]
[Round "1.7"]
[White "Kersten, Uwe"]
[Black "Duchrow, Oliver"]
[Result "1-0"]
[WhiteElo "2245"]
[BlackElo "2039"]
[PlyCount "63"]
[EventDate "2017.10.22"]
[EventType "team-tourn"]
[EventCountry "GER"]
[WhiteTeam "Kasseler SK"]
[BlackTeam "Sangerhausen SV"]
[WhiteTeamCountry "GER"]
[BlackTeamCountry "GER"]

1. e4 e5 2. Nf3 d6 3. d4 exd4 4. Nxd4 Nf6 5. Nc3 Be7 6. Bf4 O-O 7. Qd2 c6 8.
O-O-O b5 9. f3 b4 10. Na4 c5 11. Nb5 Qa5 12. b3 Bd7 13. Nxd6 Bxa4 14. bxa4 Qxa4
15. Kb1 Rd8 16. Bb5 Qa3 17. Nc4 Rxd2 18. Bxd2 Nbd7 19. Nxa3 bxa3 20. Bf4 Nf8
21. Bc4 Ng6 22. Bg3 Nh5 23. Bd6 Bf6 24. Rd5 Nhf4 25. Rxc5 Bb2 26. g3 Ng2 27.
Rb5 Ne3 28. Bb3 a5 29. Re1 a4 30. Rxe3 axb3 31. Rexb3 h6 32. Rb8+ 1-0

[Event "Oberliga Ost B 2017 2018"]
[Site "Germany"]
[Date "2017.10.22"]
[Round "1.8"]
[White "Rudolf, Henning"]
[Black "Cherny, Andrey"]
[Result "1-0"]
[WhiteElo "1864"]
[BlackElo "2179"]
[PlyCount "85"]
[EventDate "2017.10.22"]
[EventType "team-tourn"]
[EventCountry "GER"]
[WhiteTeam "Sangerhausen SV"]
[BlackTeam "Kasseler SK"]
[WhiteTeamCountry "GER"]
[BlackTeamCountry "GER"]

1. e4 d5 2. exd5 Qxd5 3. Nc3 Qd8 4. d4 Nf6 5. Bg5 e6 6. Nf3 Bb4 7. a3 Bxc3+ 8.
bxc3 Nbd7 9. Bd3 c5 10. O-O Qa5 11. Bd2 O-O 12. Re1 Qa4 13. Ne5 b6 14. Nxd7
Bxd7 15. Bg5 Nd5 16. c4 Nc7 17. Qh5 f5 18. dxc5 Na6 19. cxb6 axb6 20. Re3 Be8
21. Qf3 Bc6 22. Qh5 Be8 23. Qh4 Bf7 24. Rh3 Bg6 25. Be7 e5 26. Bxf8 Rxf8 27.
Qe7 Re8 28. Qd6 e4 29. Bf1 Nc5 30. Qxb6 Nd7 31. Qb5 Qa7 32. Rd1 Ne5 33. Qd5+
Bf7 34. Qd4 Qe7 35. Be2 Qf6 36. Qd6 Be6 37. Rb3 f4 38. Rb8 Rxb8 39. Qxb8+ Kf7
40. Qb7+ Kf8 41. Qxe4 h6 42. Re1 Bd7 43. Bh5 1-0

[Event "Oberliga Ost B 2017 2018"]
[Site "Germany"]
[Date "2017.10.22"]
[Round "1.2"]
[White "Feldtmann, Thomas"]
[Black "Dubiel, Jacek"]
[Result "1/2-1/2"]
[WhiteElo "2221"]
[BlackElo "2429"]
[PlyCount "32"]
[EventDate "2017.10.22"]
[EventType "team-tourn"]
[EventCountry "GER"]
[WhiteTeam "Marburg SK"]
[BlackTeam "Oberursel SV"]
[WhiteTeamCountry "GER"]
[BlackTeamCountry "GER"]

1. a3 e5 2. c4 Nf6 3. e3 d5 4. cxd5 Nxd5 5. Nf3 Bd6 6. Qc2 O-O 7. Bc4 c6 8. d3
Nb6 9. Ba2 Qe7 10. Nbd2 Be6 11. Bxe6 Qxe6 12. Ne4 Be7 13. Nc5 Bxc5 14. Qxc5
N8d7 15. Qc2 f5 16. O-O a5 1/2-1/2

[Event "Oberliga Ost B 2017 2018"]
[Site "Germany"]
[Date "2017.10.22"]
[Round "1.3"]
[White "Heinz, Axel"]
[Black "Alber, Horst"]
[Result "1-0"]
[WhiteElo "2435"]
[BlackElo "2296"]
[PlyCount "57"]
[EventDate "2017.10.22"]
[EventType "team-tourn"]
[EventCountry "GER"]
[WhiteTeam "Oberursel SV"]
[BlackTeam "Marburg SK"]
[WhiteTeamCountry "GER"]
[BlackTeamCountry "GER"]

1. e4 g6 2. d4 Bg7 3. Nc3 d6 4. Nge2 Nf6 5. h3 O-O 6. g4 e5 7. Bg2 Nbd7 8. Be3
Re8 9. O-O h5 10. dxe5 Nxe5 11. g5 Nh7 12. f4 Nc4 13. Bc1 b5 14. a3 Bb7 15. Qd3
a6 16. b3 Nb6 17. Be3 Qe7 18. Rad1 d5 19. e5 Rad8 20. Bxb6 cxb6 21. Nxd5 Qxa3
22. b4 Qa2 23. Nec3 Qc4 24. Qxc4 bxc4 25. Nxb6 Bxg2 26. Kxg2 Nf8 27. Ncd5 Ne6
28. Nxc4 Bf8 29. Nf6+ 1-0

[Event "Oberliga Ost B 2017 2018"]
[Site "Germany"]
[Date "2017.10.22"]
[Round "1.4"]
[White "Dorst, Johannes"]
[Black "Schlamp, Robert"]
[Result "0-1"]
[WhiteElo "2207"]
[BlackElo "2297"]
[PlyCount "90"]
[EventDate "2017.10.22"]
[EventType "team-tourn"]
[EventCountry "GER"]
[WhiteTeam "Marburg SK"]
[BlackTeam "Oberursel SV"]
[WhiteTeamCountry "GER"]
[BlackTeamCountry "GER"]

1. c4 Nf6 2. g3 g6 3. Bg2 Bg7 4. Nc3 d6 5. e3 e5 6. Nge2 O-O 7. O-O Nbd7 8. d4
Re8 9. b3 e4 10. Qc2 Qe7 11. Ba3 Nf8 12. Nd5 Nxd5 13. cxd5 Bf5 14. Rac1 Rac8
15. Qd2 h5 16. Qa5 a6 17. Bb4 Nh7 18. Rc2 Nf6 19. Rfc1 b6 20. Qxa6 Nxd5 21. Be1
Bh6 22. Nf4 Bxf4 23. gxf4 g5 24. fxg5 Qxg5 25. Kh1 Kh8 26. Bd2 Rg8 27. Rg1 Nf6
28. Qf1 Rg6 29. Rc1 Rcg8 30. f4 Qh6 31. h4 Nd5 32. Qe2 Rg3 33. Kh2 Qg6 34. Rcf1
Rxe3 35. Bxe3 Qg3+ 36. Kh1 Qxh4+ 37. Bh3 Qxh3+ 38. Qh2 Qxh2+ 39. Kxh2 Nxe3 40.
Rxg8+ Kxg8 41. Rc1 c5 42. dxc5 dxc5 43. Kg3 Bg4 44. f5 Nxf5+ 45. Kf4 e3 0-1

[Event "Oberliga Ost B 2017 2018"]
[Site "Germany"]
[Date "2017.10.22"]
[Round "1.5"]
[White "Haubt, Georg"]
[Black "Rolle, Eric"]
[Result "0-1"]
[WhiteElo "2183"]
[BlackElo "2196"]
[PlyCount "130"]
[EventDate "2017.10.22"]
[EventType "team-tourn"]
[EventCountry "GER"]
[WhiteTeam "Oberursel SV"]
[BlackTeam "Marburg SK"]
[WhiteTeamCountry "GER"]
[BlackTeamCountry "GER"]

1. d4 d6 2. Nf3 Bg4 3. e3 Nd7 4. Bc4 e6 5. h3 Bh5 6. Bb3 Be7 7. c4 Ngf6 8. Nc3
e5 9. Bc2 c6 10. O-O O-O 11. b4 d5 12. g4 Bxb4 13. Bd2 Nxg4 14. hxg4 Bxg4 15.
cxd5 cxd5 16. e4 exd4 17. Nxd5 Ne5 18. Bg5 Nxf3+ 19. Qxf3 Qxg5 20. Qg3 Bd6 21.
f4 Qh5 22. Kg2 f5 23. e5 Bc5 24. Bb3 Kh8 25. Rh1 Qg6 26. Rae1 Bh5 27. e6 Rac8
28. Ba4 Qxg3+ 29. Kxg3 Be8 30. Bb3 Bc6 31. Rh2 Bxd5 32. Bxd5 Rc7 33. Rc2 g5 34.
Rxc5 Rxc5 35. e7 Re8 36. Bf7 Rc3+ 37. Kg2 Rc2+ 38. Kg3 Rc3+ 39. Kg2 Rcc8 40.
fxg5 Kg7 41. Bh5 d3 42. Re5 h6 43. Bxe8 Rxe8 44. gxh6+ Kf6 45. Rd5 Rxe7 46.
Rxd3 Kg5 47. Kf3 Rh7 48. Ra3 a6 49. Rb3 b5 50. a4 Rxh6 51. Kg2 bxa4 52. Rb4 Rh4
53. Rb6 a5 54. Rb5 Rb4 55. Rxa5 Kf4 56. Kf2 Rb2+ 57. Ke1 Ra2 58. Rb5 Ke4 59.
Rb8 f4 60. Rc8 a3 61. Rc4+ Kf3 62. Rc8 Re2+ 63. Kf1 a2 64. Ra8 Rb2 65. Ra3+ Kg4
0-1

[Event "Oberliga Ost B 2017 2018"]
[Site "Germany"]
[Date "2017.10.22"]
[Round "1.6"]
[White "Duncker, Joachim"]
[Black "Olesiak, Marcin"]
[Result "1-0"]
[WhiteElo "2243"]
[BlackElo "2076"]
[PlyCount "101"]
[EventDate "2017.10.22"]
[EventType "team-tourn"]
[EventCountry "GER"]
[WhiteTeam "Marburg SK"]
[BlackTeam "Oberursel SV"]
[WhiteTeamCountry "GER"]
[BlackTeamCountry "GER"]

1. e4 c5 2. Nc3 Nc6 3. Bb5 Nd4 4. Bc4 e6 5. Nge2 Ne7 6. Nxd4 cxd4 7. Ne2 Nc6 8.
d3 Bc5 9. a3 a5 10. O-O O-O 11. Ng3 Qh4 12. f4 Ne7 13. Ba2 f5 14. Kh1 b5 15.
Bd2 Bb7 16. Qe1 Rf6 17. Rf3 Rh6 18. Nf1 Bb6 19. Qe2 Rc8 20. Rh3 Qf6 21. Rxh6
Qxh6 22. c3 Qg6 23. Ng3 h5 24. Qxh5 Qxh5 25. Nxh5 fxe4 26. dxe4 Bxe4 27. Rc1
Nf5 28. Bb1 Bxb1 29. Rxb1 Kf7 30. g4 Nh4 31. Rf1 d5 32. Be1 dxc3 33. bxc3 g6
34. Bxh4 gxh5 35. f5 e5 36. Rb1 Rxc3 37. g5 Rc5 38. g6+ Kg7 39. Be7 Rc6 40.
Rxb5 Rc1+ 41. Kg2 Rc2+ 42. Kh3 Bc7 43. Rxd5 e4 44. Bd6 Bxd6 45. Rxd6 Rf2 46.
Rd7+ Kg8 47. Rd5 a4 48. Kh4 e3 49. Kg5 Rd2 50. Re5 e2 51. Re8+ 1-0

[Event "Oberliga Ost B 2017 2018"]
[Site "Germany"]
[Date "2017.10.22"]
[Round "1.7"]
[White "Weber, Samuel"]
[Black "Heiling, Thomas"]
[Result "1-0"]
[WhiteElo "2240"]
[BlackElo "2217"]
[PlyCount "89"]
[EventDate "2017.10.22"]
[EventType "team-tourn"]
[EventCountry "GER"]
[WhiteTeam "Oberursel SV"]
[BlackTeam "Marburg SK"]
[WhiteTeamCountry "GER"]
[BlackTeamCountry "GER"]

1. e4 e6 2. d3 d5 3. Nd2 c5 4. Ngf3 Nc6 5. g3 Bd6 6. Bg2 Nge7 7. O-O O-O 8. Nh4
f5 9. f4 b5 10. c4 bxc4 11. e5 cxd3 12. exd6 Qxd6 13. b3 c4 14. bxc4 dxc4 15.
Kh1 c3 16. Nc4 Qb4 17. Ba3 Qxc4 18. Bxe7 Re8 19. Ba3 Ba6 20. Nf3 Rad8 21. Rc1
d2 22. Rc2 Bb5 23. Bb2 Rd3 24. Nxd2 Rxd2 25. Rxd2 cxd2 26. Qxd2 Rd8 27. Qf2
Qxa2 28. Rc1 Qa4 29. Qe1 Qb3 30. Ba1 Kf7 31. h4 Qd3 32. Kh2 Qd2 33. Qg1 Rd7 34.
Bc3 Qe2 35. Qc5 Ne7 36. Re1 Qc4 37. Qe5 Rd3 38. Qxg7+ Ke8 39. Qh8+ Kd7 40. Ba5
Qc8 41. Qe5 Qa6 42. Qc7+ Ke8 43. Bb4 Rd7 44. Qe5 Ng6 45. Qxf5 1-0

[Event "Oberliga Ost B 2017 2018"]
[Site "Germany"]
[Date "2017.10.22"]
[Round "1.8"]
[White "Neidhardt, Helge"]
[Black "Shashkin, Igor"]
[Result "1/2-1/2"]
[WhiteElo "2087"]
[BlackElo "2076"]
[PlyCount "151"]
[EventDate "2017.10.22"]
[EventType "team-tourn"]
[EventCountry "GER"]
[WhiteTeam "Marburg SK"]
[BlackTeam "Oberursel SV"]
[WhiteTeamCountry "GER"]
[BlackTeamCountry "GER"]

1. d4 Nf6 2. Nf3 g6 3. c4 Bg7 4. Nc3 O-O 5. e4 d6 6. Be2 e5 7. Be3 Nc6 8. d5
Ne7 9. O-O Ne8 10. Ne1 f5 11. f3 f4 12. Bf2 g5 13. Nd3 h5 14. c5 Ng6 15. Rc1
Rf7 16. Qb3 g4 17. cxd6 cxd6 18. Nb5 Qg5 19. Nxa7 gxf3 20. Bxf3 Bg4 21. Ne1 Nh4
22. Bxh4 Qxh4 23. Nb5 Bf8 24. Rf2 Rg7 25. Rfc2 Rd8 26. Qb4 Qg5 27. Qd2 Qg6 28.
Qe2 Qh7 29. Kh1 Rdd7 30. a4 Nf6 31. Nc3 Rdf7 32. b4 h4 33. h3 Bd7 34. a5 Rg3
35. Qf1 Rfg7 36. Ne2 R3g6 37. Rc7 Bb5 38. Rxg7+ Qxg7 39. Qf2 Qd7 40. Nc3 Bc4
41. Be2 Bxe2 42. Qxe2 Qh7 43. Rc2 Nh5 44. Kh2 Rg7 45. Nf3 Ng3 46. Qd3 Be7 47.
Ng1 Bd8 48. Qf3 Qg6 49. Qd3 Kh7 50. Nf3 Kh6 51. Ra2 Rc7 52. Ra1 Be7 53. b5 Qe8
54. Rb1 Qc8 55. Rb3 Rc5 56. a6 bxa6 57. b6 Qb7 58. Nd2 Rc8 59. Qf3 Rg8 60. Qd3
Rc8 61. Rb1 a5 62. Na4 Bf8 63. Nb3 Qa8 64. Rc1 Rxc1 65. Nxc1 Be7 66. Nb3 Bd8
67. Qc4 Kh5 68. Nd2 Qb8 69. Qc6 Kg6 70. Qe8+ Kf6 71. Qf8+ Kg6 72. Qe8+ Kf6 73.
Qc6 Ke7 74. Kg1 Ne2+ 75. Kh2 Nd4 76. Qc1 1/2-1/2

[Event "Oberliga Ost B 2017 2018"]
[Site "Germany"]
[Date "2017.10.22"]
[Round "1.1"]
[White "Lubbe, Melanie"]
[Black "Konopka, Michal"]
[Result "1/2-1/2"]
[WhiteElo "2286"]
[BlackElo "2391"]
[PlyCount "84"]
[EventDate "2017.10.22"]
[EventType "team-tourn"]
[EventCountry "GER"]
[WhiteTeam "Neuberg SF"]
[BlackTeam "Schoeneck SF"]
[WhiteTeamCountry "GER"]
[BlackTeamCountry "GER"]

1. e4 Nf6 2. e5 Nd5 3. d4 d6 4. c4 Nb6 5. exd6 cxd6 6. Nc3 g6 7. Be3 Bg7 8. Rc1
O-O 9. b3 e5 10. dxe5 dxe5 11. Qxd8 Rxd8 12. c5 N6d7 13. Nf3 Nc6 14. Bc4 h6 15.
Ne4 Na5 16. Be2 f5 17. Nd6 e4 18. Nd4 Nxc5 19. N4xf5 gxf5 20. Bxc5 Bf8 21. Rd1
b6 22. Ba3 Nb7 23. Bc4+ Kh7 24. Nb5 Rxd1+ 25. Kxd1 Bxa3 26. Nxa3 Nd6 27. Ke2
Nxc4 28. Nxc4 Be6 29. Rd1 Rc8 30. Ke3 Bxc4 31. bxc4 Rxc4 32. Rd7+ Kg6 33. Rxa7
Rc2 34. a4 f4+ 35. Kxf4 Rxf2+ 36. Kxe4 Rxg2 37. Rb7 Rg4+ 38. Kf3 Rb4 39. Ra7
Kh5 40. a5 Rb3+ 41. Kg2 bxa5 42. Rxa5+ Kh4 1/2-1/2

[Event "Oberliga Ost B 2017 2018"]
[Site "Germany"]
[Date "2017.10.22"]
[Round "1.2"]
[White "Marchio, Enrico"]
[Black "Kuenstler, Christian"]
[Result "1/2-1/2"]
[WhiteElo "2292"]
[BlackElo "2274"]
[PlyCount "48"]
[EventDate "2017.10.22"]
[EventType "team-tourn"]
[EventCountry "GER"]
[WhiteTeam "Schoeneck SF"]
[BlackTeam "Neuberg SF"]
[WhiteTeamCountry "GER"]
[BlackTeamCountry "GER"]

1. Nf3 Nf6 2. c4 e6 3. g3 d5 4. Bg2 Be7 5. O-O O-O 6. b3 b6 7. Bb2 Bb7 8. d4
dxc4 9. bxc4 c5 10. e3 cxd4 11. exd4 Nc6 12. Nbd2 Rc8 13. Bc3 Qc7 14. Rb1 Rfd8
15. Qb3 Nb8 16. Rfe1 Nbd7 17. Ba1 Bf8 18. h3 h6 19. Qe3 Bc6 20. Bf1 Rb8 21.
Rec1 Re8 22. Re1 a6 23. Ne5 Ba8 24. Bg2 Bxg2 1/2-1/2

[Event "Oberliga Ost B 2017 2018"]
[Site "Germany"]
[Date "2017.10.22"]
[Round "1.3"]
[White "Sergin, Mark"]
[Black "Heinatz, Thomas"]
[Result "0-1"]
[WhiteElo "2192"]
[BlackElo "2276"]
[PlyCount "66"]
[EventDate "2017.10.22"]
[EventType "team-tourn"]
[EventCountry "GER"]
[WhiteTeam "Neuberg SF"]
[BlackTeam "Schoeneck SF"]
[WhiteTeamCountry "GER"]
[BlackTeamCountry "GER"]

1. e4 c5 2. Nc3 Nc6 3. Bb5 Nd4 4. Bc4 e6 5. Nge2 a6 6. d3 b5 7. Bb3 Nxb3 8.
axb3 Bb7 9. O-O Nf6 10. f4 d6 11. Qe1 Be7 12. Qg3 h5 13. e5 h4 14. Qh3 dxe5 15.
fxe5 Nd7 16. Be3 Nxe5 17. d4 cxd4 18. Bxd4 Qc7 19. Nf4 Bf6 20. Rad1 O-O-O 21.
Nce2 Rd7 22. Bc3 Rxd1 23. Rxd1 Rd8 24. Rf1 Qc6 25. Kh1 g5 26. Nd4 Qe4 27. Nfxe6
fxe6 28. Qxe6+ Kb8 29. Nf3 Ng4 30. Qb6 Qc6 31. Qxc6 Bxc6 32. Bxf6 Nxf6 33. Nxg5
Rd2 0-1

[Event "Oberliga Ost B 2017 2018"]
[Site "Germany"]
[Date "2017.10.22"]
[Round "1.4"]
[White "Nazarenus, Moritz"]
[Black "Lutz, Klaus Juergen"]
[Result "1/2-1/2"]
[WhiteElo "2241"]
[BlackElo "2258"]
[PlyCount "58"]
[EventDate "2017.10.22"]
[EventType "team-tourn"]
[EventCountry "GER"]
[WhiteTeam "Schoeneck SF"]
[BlackTeam "Neuberg SF"]
[WhiteTeamCountry "GER"]
[BlackTeamCountry "GER"]

1. d4 d6 2. g3 Nf6 3. Bg2 c6 4. Nf3 Nbd7 5. O-O e5 6. dxe5 dxe5 7. c3 Be7 8.
Qc2 O-O 9. a4 Qc7 10. a5 Re8 11. Nbd2 Nf8 12. Nc4 Ng6 13. Ne3 Bf8 14. b3 Ng4
15. h3 Nxe3 16. Bxe3 f5 17. Ra4 e4 18. Nd2 c5 19. Bg5 Bd7 20. Raa1 h6 21. Be3
Bc6 22. Nc4 f4 23. Bxf4 Nxf4 24. gxf4 Qxf4 25. Qc1 Qh4 26. Qe3 Re6 27. f4 Rae8
28. Rad1 Qh5 29. Rd2 Be7 1/2-1/2